Statistiken für Europäische Geographie A-Z

Klicken Sie hier um das Quiz zu spielen!

Allgemein

  • Dieses Quiz wurde 6.393 mal gespielt
  • Das Durchschnittsergebnis liegt bei 17 aus 26

Antwortstatistiken

HinweisAntwort% Korrekt
AHauptstadt und größte Stadt GriechenlandsAthen
100%
EBerühmtes Wahrzeichen von ParisEiffelturm
96%
DFluss, der durch 10 Länder fließtDonau
95%
HGrößte Stadt in NorddeutschlandHamburg
94%
PItalienische Stadt des Schiefen TurmesPisa
92%
MMeer, das Europa von Afrika trenntMittelmeer
91%
RBukarest ist seine HauptstadtRumänien
88%
OEnglands älteste UniversitätOxford
84%
ULand, das die Krim besitzt?Ukraine
84%
NPariser Kathedrale, bedeutet "Unsere Frau"Notre-Dame
82%
TFluss, der durch London fließtThemse
82%
ZGrößte Schweizer StadtZürich
78%
WEin Viertel des Vereinigten KönigreichesWales
75%
LStadt, in der sich die Beatles gründetenLiverpool
73%
VMaltas HauptstadtValletta
69%
ISpanische und portugiesische HalbinselIberien
68%
SGrößte MittelmeerinselSizilien
68%
FNiederländischsprachige Region BelgiensFlandern
56%
JHalbinsel, die den Großteil Dänemarks bildetJütland
52%
KRussische Oblast, die an Polen grenztKaliningrad
48%
BGastgeberstadt der Olymp. Spiele 1992Barcelona
47%
GGrößte schwedische InselGotland
40%
CGrößte Stadt SardiniensCagliari
28%
YBedeutende Stadt in FYpern
19%
QPalast des italienischen Präsidenten{Quirinal}spalast
8%
XGriechische Stadt der 1'000 FarbenXanthi
7%

Verteilung der Resultate

Perzentil nach korrekt beantworteten Fragen

Anzahl Personen mit jedem Resultat

Ihre Resultats-Entwicklung

Sie haben dieses Quiz noch nicht gespielt